000 00745nam a22002292 4500
001 0000004943
005 20151217151946.0
008 070604s xx 000 0 eng d
020 _a0198505337 :
_cKES 2,047
040 _aKABU
_cKABU
050 0 _aRS403
_b.P38 2001
100 1 _aPatrick, Graham L.
_@0000155929
245 1 3 _aAn Introduction to medicinal chemistry /
_cGraham L. Patrick.
250 _a2nd ed.
260 _aOxford ;
_aNew York :
_bOxford University Press,
_c2001.
300 _axxiii, 622 p. :
_bill. ;
_c25 cm.
504 _aIncludes bibliographical references and index.
650 0 _aPharmaceutical chemistry.
_@0000155930
908 _a070604
950 _@1
999 _c6743
_d6743